Normal view
MARC view
- Cuentos infantiles alemanes
Entry Materia
Number of records used in: 133
001 - NÚMERO DE CONTROL DEL REGISTRO
- campo de control: 8589
003 - IDENTIFICADOR DE NUMERO DE CONTROL
- campo de control: MX-MxUPN
005 - FECHA Y HORA DE LA ÚLTIMA TRANSACCIÓN
- campo de control: 20240909161056.0
008 - DATOS DE LONGITUD FIJA
- campo de control de longitud fija: 220919n| acnnnbabn n ana d
035 ## - NÚMERO DE CONTROL DEL SISTEMA
- Número de control del sistema: UPN10000008595
040 ## - FUENTE DE LA CATALOGACIÓN
- Centro catalogador de origen: MX-MxUPN
- Lengua de catalogación: spa
- Agencia de transcripción: MX-MxUPN
150 ## - ENCABEZAMIENTO - TEMÁTICO
- Término de materia o nombre geográfico como elemento inicial: Cuentos infantiles alemanes
670 ## - FUENTE EN LA QUE SE LOCALIZARON DATOS
- Cita de la fuente: E
- Información localizada: Cuentos infantiles africanos
902 ## - CATALOGADOR
- Catalogador: LG/290597
